I Will Overcome. - RAYE (Lyrics) - Statistics

General Stats
  • This quiz has been taken 5 times
  • The average score is 348 of 493
Answer Stats
Answer % Correct
a
100%
and
100%
And
100%
be
100%
be,
100%
can
100%
go
100%
I
100%
I'll
100%
in
100%
is
100%
me,
100%
me
100%
no
100%
No
100%
not
100%
over
100%
overcome
100%
remind
100%
She
100%
shut
100%
sleep
100%
so
100%
So
100%
song
100%
su-
100%
The
100%
the
100%
to
100%
To
100%
up
100%
When
100%
when
100%
who
100%
will
100%
won't
100%
you
100%
You
100%
am
80%
amount
80%
Amy
80%
arrows
80%
below
80%
blue
80%
cannot,
80%
cannot
80%
clouds
80%
devils
80%
die
80%
evil
80%
Five
80%
from
80%
her
80%
Hollywood
80%
home
80%
hope
80%
hundred
80%
insults,
80%
it
80%
jump
80%
keyboards
80%
like
80%
Like
80%
needed
80%
never
80%
of
80%
Of
80%
on
80%
one
80%
people
80%
people?
80%
reflection
80%
same
80%
say
80%
since
80%
some
80%
Some
80%
spit
80%
steps
80%
suddenly,
80%
their
80%
them
80%
this
80%
This
80%
through
80%
tongue
80%
we
80%
whisper
80%
with
80%
your
80%
alone?
60%
anyhow,
60%
as
60%
As
60%
back
60%
bed
60%
behind
60%
between
60%
black
60%
boutique
60%
care
60%
Chanel
60%
cobblestones
60%
concrete
60%
content
60%
count
60%
cry
60%
doing
60%
down
60%
drunk
60%
eye
60%
find
60%
four
60%
funny,
60%
grief
60%
hate
60%
Heaven's
60%
horizon
60%
(I'm
60%
I'm
60%
it's
60%
jealous)
60%
left
60%
left,
60%
look
60%
love
60%
mind
60%
moonlight
60%
My
60%
my
60%
online
60%
Paris
60%
past
60%
phantom
60%
play
60%
rain
60%
red
60%
scrolling,
60%
state
60%
too
60%
tortured
60%
wall
60%
wants
60%
was
60%
watching
60%
well
60%
Whilst
60%
wicked
60%
window
60%
world
60%
arrange
40%
backbone
40%
better,
40%
briefly
40%
broken
40%
cake
40%
cat-
40%
chic
40%
Chocolate
40%
click,
40%
complete
40%
cracks
40%
crazy,
40%
dance
40%
despair
40%
door
40%
drinks,
40%
eat
40%
Edith
40%
everyone
40%
exists
40%
feast
40%
feel
40%
front
40%
glasses,
40%
greet
40%
happier
40%
happy
40%
haunts
40%
have
40%
heels
40%
high
40%
if
40%
illustrate
40%
life?
40%
lingers
40%
little
40%
lost
40%
make
40%
many
40%
march
40%
may
40%
mean,
40%
movie
40%
much
40%
night
40%
old
40%
or
40%
out
40%
Piaf
40%
pour
40%
regrets
40%
right
40%
sad
40%
see
40%
shall
40%
sighed
40%
spotlight,
40%
strands
40%
syrup
40%
taunts
40%
that
40%
thin
40%
Threaten
40%
thunder
40%
turn
40%
veil
40%
Where
40%
all
20%
Aren't
20%
battery
20%
but
20%
died,
20%
even
20%
give
20%
grey
20%
guarantee
20%
hide
20%
Just
20%
kiss
20%
lifes
20%
live
20%
lover
20%
maybe
20%
must
20%
now
20%
now,
20%
promised
20%
staged
20%
streetlamp
20%
tears,
20%
there
20%
There's
20%
wake
20%
above
0%
endings
0%
exceptions
0%
eyes
0%
gathered
0%
get
0%
going
0%
How
0%
how
0%
keep
0%
know
0%
okay
0%
perfect
0%
'round
0%
skies
0%
somehow
0%
start
0%
story
0%
sure
0%
swing
0%
Till
0%
we're
0%
No matching quizzes found
Score Distribution
Percent of People with Each Score
Percentile by Number Answered
Your Score History
You have not taken this quiz